000 00477nam a2200193Ia 4500
005 20230504104617.0
008 131103s9999 xx 000 0 und d
020 _cRs.40
040 _aLoreto College
041 _aEnglish
082 _a823.8
_bWIL
100 _aWilde, Oscar
245 _aComplete fairy tales of Oscar Wilde
260 _aNew Delhi
_bPrichay Overseas
_c[19 -?]
300 _a204 p.
_b ill.
650 _aEnglish Fiction
850 _aLCLIB
942 _cBK
999 _c5186
_d55665